LEADER 00968nam a2200217 i 4500 001 000000045312 003 CaOOAMICUS 005 20201015145206.0 008 121022s1658 xx u000 u lat u 013 $a16482 026 $aamca e-3. t-ta esqu (3) 1658 (R) 040 $aSeMil$bita 245 10$aPars prima. 300 $a[32], 460 p. 500 $aSegn.: a12 e4 A-T12 V2 700 1 $aAbelly, Louis ,$c.$0(OLS)http://semarc/name/832 773 0 $aAbelly, Louis $tMedulla theologica. Ex Sacris Scripturis, Conciliorum pontificumque decretis, et sanctorum Patrum et doctorum placitis, expressa. ... Auctore magistro Ludouico Abelly ... Pars prima [-posterior].$dColoniae Agrippinae : Apud Constantinum Münich, 1658-1659.$g1$w()27512 850 $aSeMil 852 $aSeMil$W1$xVenegono$y1$m2C I 90 FA$j11467$B11467$CSeMilBibl$Z2$F11467 $8I 996 $6245$aPars prima$9(OLS)http://semarc/title/67329 LEADER 00991nam a2200241 i 4500 001 000000048126 003 CaOOAMICUS 005 20120424000000.0 008 120424s1977 it u000 u ita u 013 $a19296 040 $aSeMil$bita 100 1 $aMondin, Battista,$c.$0(OLS)http://semarc/name/767 245 10$aAntropologia teologica :$bstoria problemi prospettive /$cBattista Mondin. 260 $aAlba :$bEdizioni Paoline,$c1977. 300 $a333 p. ;$c22 cm. 490 0 $aTeologia ;$v18 500 $aDalla biblioteca di Mons. Luigi Serenthà. 650 4$aAntropologia teologica.$0(OLS)http://semarc/subject/2114 830 0$aTeologia ;$v18.$0(OLS)http://semarc/title/278 850 $aSeMil 852 $aSeMil$W1$xVenegono$y1$m2D II 188$j14281$B14281$CSeMilBibl$Z2$F14281 $81 996 $6245$aAntropologia teologica :$bstoria problemi prospettive$9(OLS)http://semarc/title/72751 996 $6260$aAlba :$bEdizioni Paoline$9(OLS)http://semarc/publisher/31155